Drets e privilègis dera Val d'Aran / Archiu Generau d'Aran
ISBN:
84-89940-90-8
Descripción Física:
36 p. : fot. ; 30 cm
MARC
| LEADER | 00000nam a2200000Ia 4500 | ||
|---|---|---|---|
| 001 | 19089 | ||
| 003 | BGR | ||
| 005 | 20260324180042.0 | ||
| 008 | 160829s2007 xx 000 0 cat d | ||
| 020 | |a 84-89940-90-8 | ||
| 080 | |a FU-2-54 | ||
| 110 | 1 | |a Archiu Istòric Generau d'Aran |9 70445 | |
| 245 | |a Drets e privilègis dera Val d'Aran / Archiu Generau d'Aran | ||
| 260 | |a [Vall d'Aran] : |b Conselh Generau d'Aran, |c 2007 | ||
| 300 | |a 36 p. : |b fot. ; |c 30 cm | ||
| 650 | |a Archiu Generau d'Aran |9 44847 | ||
| 650 | |a Vall d'Aran |x Fons d'arxius |9 44848 | ||
| 901 | |a Arxiu | ||
| 942 | |n 1 |2 udc |c MON | ||
| 952 | |0 0 |1 0 |4 0 |6 FU254 |7 1 |9 52209 |a Arxiu |b Arxiu |d 2016-12-01 |l 0 |o FU-2-54 |p 19089 |r 2016-12-01 00:00:00 |w 2016-12-01 |y ARXIU | ||
| 999 | |c 56057 |d 56057 | ||